A handbook of management techniques : a comprehensive guide to achieving managerial excellence and improved decision making /

Na minha lista:
Detalhes bibliográficos
Autor principal: Armstrong, Michael (Author)
Formato: Livro
Idioma:inglês
Publicado em: London KoganPage 2006
Edição:3rd rev. ed.
Assuntos:
Tags: Adicionar Tag
Sem tags, seja o primeiro a adicionar uma tag!

MARC

LEADER 00000nam a22000003a 4500
001 0090688
003 SK-STU
005 20211006102249.1
007 ta
008 211006s ----xo-----e------000-0-----d
020 |a 978-0-7494-4766-3 
040 |a STU  |b slo 
041 0 |a eng 
044 |a xxk 
100 1 |a Armstrong, Michael  |4 aut 
245 1 0 |a A handbook of management techniques :  |b a comprehensive guide to achieving managerial excellence and improved decision making /  |c aut. Michael Armstrong 
250 |a 3rd rev. ed. 
260 |a London  |b KoganPage  |c 2006 
300 |a 640 s. 
650 0 7 |a manažment 
650 0 7 |a kvalita 
996 |b 284M088847  |c M* 14500-1  |l MMKN  |s A  |a 24  |w 0090688_0002